000 01078cam a22003135a 4500
001 11923682
003 OSt
005 20151202140908.0
008 000228t2000 nyua frbd 001 0 eng d
020 _a0471384925 (cloth : alk. paper)
020 _a9780471384922
040 _aDLC
_cDLC
_dDLC
_dEG-ScBUE
_beng
082 0 4 _a621.38456
_222
_bMIT
100 1 _aMitola, Joseph.
_938817
245 1 0 _aSoftware radio architecture :
_bobject-oriented approaches to wireless systems engineering /
_cJoseph Mitola III.
260 _aNew York :
_bJohn Wiley & Sons INC,
_cc.2000.
300 _axix, 543 p. :
_bill. ;
_c25 cm.
500 _aIndex : p. 533-543.
500 _aGlossary : p. 515-532.
500 _a"A Wiley-Interscience publication."
504 _aBibliography : p. 495-514.
650 0 _aCell phones.
_2BUEsh
_937054
650 0 _aRadio frequency modulation
_xComputer programs.
_2BUEsh
650 0 _aDigital to analog converters.
_2BUEsh
650 7 _aSoftware radio.
_2BUEsh
_937227
651 _2BUEsh
653 _bENGELC
_cAugust2015
_cDecember2015
942 _2ddc
999 _c20691
_d20663